Marvel Rivals Characters - Statistics

General Stats
  • This quiz has been taken 369 times
    15 since last reset
  • The average score is 35 of 49
Answer Stats
Hint Answer % Correct
Captain America
100%
Deadpool
100%
Groot
100%
Magneto
100%
Rogue
100%
The Thing
100%
Thor
100%
Black Panther
86%
Black Widow
86%
Bruce Banner
86%
Doctor Strange
86%
Iron Man
86%
Loki
86%
Mantis
86%
Spider-Man
86%
Storm
86%
The Punisher
86%
Venom
86%
Wolverine
86%
Vanguard Angela
71%
Duelist Black Cat
71%
Blade
71%
Daredevil
71%
Emma Frost
71%
Gambit
71%
Hawkeye
71%
Human Torch
71%
Iron Fist
71%
Luna Snow
71%
Mister Fantastic
71%
Moon Knight
71%
Rocket Raccoon
71%
Scarlet Witch
71%
Squirrel Girl
71%
Star-Lord
71%
Invisible Woman
57%
Jeff the Land Shark
57%
Magik
57%
Peni Parker
57%
Phoenix
57%
Ultron
57%
White Fox
57%
Winter Soldier
57%
Strategist Adam Warlock
43%
Cloak and Dagger
43%
Namor
43%
Elsa Bloodstone
29%
Hela
29%
Psylocke
29%
No matching quizzes found
Score Distribution
Percent of People with Each Score
Percentile by Number Answered
Your Score History
You have not taken this quiz since the last reset